000 00318nam a2200133Ia 4500
008 240624s9999 xx 000 0 und d
041 _aeng
082 _a823 BIN
100 _aBINCHY MAEVE
245 _aRETURN JOURNEY
260 _c2010
_aLondon
_bOrion Books Ltd.
300 _a359 : p. : cm. ; 17
365 _cRS
_b20
999 _c15704
_d15704